Normal view
MARC view
- Porat, Roni
Entry Personal Name
001 - CONTROL NUMBER
- control field: 19752
003 - CONTROL NUMBER IDENTIFIER
- control field: OSt
005 - DATE AND TIME OF LATEST TRANSACTION
- control field: 20170401111708.0
008 - FIXED-LENGTH DATA ELEMENTS
- fixed length control field: 170401|| aca||aabn | a|a d
040 ## - CATALOGING SOURCE
- Original cataloging agency: OSt
100 ## - HEADING--PERSONAL NAME
- Personal name: Porat, Roni
